The stranger / (Record no. 9632)

MARC details
000 -LEADER
fixed length control field 01092nam a22002777a 4500
001 - CONTROL NUMBER
control field 9632
003 - CONTROL NUMBER IDENTIFIER
control field FISKH
005 - DATE AND TIME OF LATEST TRANSACTION
control field 20260127141921.0
008 - FIXED-LENGTH DATA ELEMENTS--GENERAL INFORMATION
fixed length control field 260126b cb ||||| |||| 00| 0 eng d
020 ## - INTERNATIONAL STANDARD BOOK NUMBER
International Standard Book Number 9780679720201
040 ## - CATALOGING SOURCE
Original cataloging agency FISKH
Language of cataloging eng
Transcribing agency FISKH
Modifying agency FISKH
050 ## - LIBRARY OF CONGRESS CALL NUMBER
Classification number PQ2605 .A3734
082 ## - DEWEY DECIMAL CLASSIFICATION NUMBER
Classification number 843.914
100 ## - MAIN ENTRY--PERSONAL NAME
Personal name Camus , Albert
245 ## - TITLE STATEMENT
Title The stranger /
Statement of responsibility, etc. By Albert Camus : Translated from the French by Mathew Ward
260 ## - PUBLICATION, DISTRIBUTION, ETC.
Place of publication, distribution, etc. New York :
Name of publisher, distributor, etc. Vintage international ,
Date of publication, distribution, etc. 1988 .
300 ## - PHYSICAL DESCRIPTION
Extent 123 pages :
Other physical details illustrations ;
Dimensions 20 cm .
505 ## - FORMATTED CONTENTS NOTE
Formatted contents note W <br/>
520 ## - SUMMARY, ETC.
Summary, etc. When a young Algerian named Meursault kills a man, his subsequent imprisonment and trial are puzzling and absurd. The apparently amoral Meursault--who puts little stock in ideas like love and God--seems to be on trial less for his murderous actions, and more for what the authorities believe is his deficient character.
521 8# - TARGET AUDIENCE NOTE
Target audience note 880 <br/>
Source Lexile <br/>
521 8# - TARGET AUDIENCE NOTE
Target audience note W <br/>
Source Raz-Plus <br/>
650 ## - SUBJECT ADDED ENTRY--TOPICAL TERM
Topical term or geographic name entry element Philosophy
Form subdivision Fiction
700 ## - ADDED ENTRY--PERSONAL NAME
Personal name Watd , Mathew
Relator term Translator
942 ## - ADDED ENTRY ELEMENTS (KOHA)
Source of classification or shelving scheme Dewey Decimal Classification
Koha item type Books
Suppress in OPAC No
Holdings
Withdrawn status Lost status Source of classification or shelving scheme Damaged status Not for loan Collection Home library Current library Shelving location Date acquired Total Checkouts Full call number Barcode Date last seen Date last checked out Copy number Price effective from Koha item type Date due
    Dewey Decimal Classification     Fiction Footprints International School Library Network Toul Kork Campus Footprints International School Library Network Toul Kork Campus A TK Campus, 4th Floor, Room B401, Fiction Bookcases (1-6) 01/26/2026 2 CAM 843.914 PQ2605 .A3734 2026-0161 04/24/2026 04/24/2026 2 01/26/2026 Books 05/08/2026
    Dewey Decimal Classification     Fiction Footprints International School Library Network Toul Tom Poung Campus Footprints International School Library Network Toul Tom Poung Campus TTP Secondary Fiction Bookshelves 01/26/2026 1 CAM 843.914 PQ2605 .A3734 2026-0148 04/29/2026 02/05/2026 1 01/26/2026 Books